|
|
|
|
| LEADER |
00000nab a2200000 a 4500 |
| 001 |
vtls000540228 |
| 003 |
SK-MaSNL |
| 005 |
20260318122124.0 |
| 008 |
160202c1995 xo 0 hun |
| 015 |
|
|
|a SNBRB19rr/mm-uuuuu
|
| 035 |
|
|
|a CL0540366
|
| 040 |
|
|
|a SNKBUCL
|b slo
|c SNKBUCL
|e AACR2
|
| 041 |
0 |
|
|a hun
|
| 044 |
|
|
|a xo
|c SK
|
| 080 |
|
|
|a 792.5
|2 1981
|
| 245 |
0 |
0 |
|a Mit őriznek Tevjééknél?
|b A Hegedűs a háztetőn a Jókai Színházban ; Aut. Mátyás Dráfi, Ica Németh, Katalin Stubendek, József Czajlik, Mari Varsányi, Szilvia Csepécz M. ; Fotogr. Lehel Tóth
|
| 300 |
|
|
|b Fotogr. 5
|
| 610 |
2 |
7 |
|a Jókaiho divadlo v Komárne - Komáromi Jókai Színház
|2 snkbucl
|9 32950
|
| 630 |
0 |
7 |
|a Fidlikant na streche (muzikál)
|2 snkbucl
|9 833286
|
| 655 |
|
7 |
|a recenzie
|2 snkbucl
|9 21907
|
| 655 |
|
7 |
|a články z novín a časopisov
|2 snkbucl
|9 267496
|
| 700 |
1 |
|
|a Dráfi, Mátyás,
|d 1942-2025
|4 aut
|9 260748
|
| 700 |
1 |
|
|a Németh, Ica,
|d 1944-2011
|4 aut
|9 237788
|
| 700 |
1 |
|
|a Stubendek, Katalin,
|d 1972-
|4 aut
|9 95737
|
| 700 |
1 |
|
|a Czajlik, József,
|d 1975-
|4 aut
|9 908548
|
| 700 |
1 |
|
|a Varsányi, Mari,
|d 1952-
|4 aut
|9 898664
|
| 700 |
1 |
|
|a Csepécz, Szilvia M.,
|d 1965-2011
|4 aut
|9 49646
|
| 700 |
1 |
|
|a Tóth, Lehel
|4 fot
|9 293652
|
| 773 |
0 |
|
|t Új nő
|g Roč. 4, č. 2 (1995), s. 12-14
|
| 850 |
|
|
|a Slovenská národná knižnica v Martine
|a DSG001
|
| 852 |
|
|
|a SNK
|b KIS3GCP
|
| 958 |
|
|
|a RK
|
| 958 |
|
|
|a HU
|
| 992 |
|
|
|a RBX
|
| 999 |
|
|
|c 3190469
|d 3192399
|